书目信息 |
| 题名: |
香港美人
|
|
| 作者: | 萧亮 , 萧亮 著 | |
| 分册: | ||
| 出版信息: | 广州 南方日报出版社 2002 |
|
| 页数: | 401页 | |
| 开本: | 20cm | |
| 丛书名: | ||
| 单 册: | ||
| 中图分类: | B834.3 | |
| 科图分类: | ||
| 主题词: | 选美活动 , 选美活动--香港--现代 | |
| 电子资源: | ||
| ISBN: | 7-80652-095-3 | |
| 000 | 01127nam0 2200337 450 | |
| 000 | 01092nam0 2200325 450 | |
| 000 | 01055nam0 2200313 450 | |
| 000 | 00975nam0 2200301 450 | |
| 000 | 00938nam0 2200289 450 | |
| 000 | 00871nam0 2200265 450 | |
| 001 | 0104000022 | |
| 005 | 20061030083116.98 | |
| 010 | @a7-80652-095-3@dCNY24.80 | |
| 100 | @a20050927d2002 em y0chiy0110 ea | |
| 101 | 0 | @achi |
| 102 | @aCN@b440000 | |
| 105 | @aa z 000yd | |
| 200 | 1 | @a香港美人@Axiang gang mei ren@f萧亮著@Fxiao liang zhu |
| 210 | @a广州@c南方日报出版社@d2002 | |
| 215 | @a401页@c彩照@d20cm | |
| 330 | @a本书比较客观地介绍了香港选美活动的真实情况,重点介绍了无线与亚视围绕选美展开的竞争,以及两台历年选出的有影响的美女,同时对选美期间出现的丑闻、怪事也有涉及。 | |
| 510 | 1 | @aHongkong Beauty@zeng |
| 606 | 0 | @a选美活动 |
| 606 | 0 | @a选美活动@y香港@z现代 |
| 690 | @aB834.3@v4 | |
| 701 | 0 | @a萧亮@9xiao liang@4著 |
| 701 | 0 | @a萧亮@Axiao liang@4著 |
| 801 | 0 | @aCN@b北京荣雅伟业图书经销中心@c20061030 |
| 905 | @aBZT@dB834.3@e13 | |
| 906 | @dCNY24.80@n0@r1 | |
| 香港美人/萧亮著.-广州:南方日报出版社,2002 |
| 401页:彩照;20cm |
| ISBN 7-80652-095-3:CNY24.80 |
| 本书比较客观地介绍了香港选美活动的真实情况,重点介绍了无线与亚视围绕选美展开的竞争,以及两台历年选出的有影响的美女,同时对选美期间出现的丑闻、怪事也有涉及。 |
| ● |
| 相关链接 |
|
|
|
正题名:香港美人
索取号:B834.3/13
 
预约/预借
| 序号 | 登录号 | 条形码 | 馆藏地/架位号 | 状态 | 备注 |
| 1 | 514236 | 230089954 | 中心书库南/004架B面5层1列/ [索取号:B834.3/13] | 在馆 | |
| 2 | 514237 | 230089955 | 中心书库南/004架B面5层1列/ [索取号:B834.3/13] | 在馆 | |
| 3 | 514238 | 230089956 | 中心书库南/004架B面5层1列/ [索取号:B834.3/13] | 在馆 | |
| 4 | 514239 | 230089957 | 中心书库南/004架B面5层1列/ [索取号:B834.3/13] | 在馆 | |
| 5 | 514240 | 230089958 | 中心书库南/004架B面5层1列/ [索取号:B834.3/13] | 在馆 |